000 00664cam a22002411 4500
001 sa 67005136
003 DLC
005 20260227112354.0
008 950217s1966 ii c b 000 0 tamo
010 _asa 67005136
025 _aPL480:I-T-1480
035 _a(OCoLC)32010067
040 _aDLC
_cCU
_dCU
_dDLC
050 0 0 _aPL4758.9.K68
_bZ8
100 1 _aIrattin̲am, Kā. Po.,
_d1914-
245 1 0 _aEl̲uttālar Kalki.
260 _c[1966]
300 _a120 p.
_bport.
_c18 cm.
500 _aIn Tamil.
504 _aBibliographical footnotes.
600 0 0 _aKalki,
_d1899-1954.
710 2 _aUniversity of Malaya (1962-1966).
_bDepartment of Indian Studies.
999 _c74993
_d74993